Statistics for Clash of Clans- Elements and such

Click here to take the quiz!

General Stats

  • This quiz has been taken 14 times
  • The average score is 11 of 15

Answer Stats

#HintAnswer% Correct
2Dark version of aboveDark Elixir
100%
1A resource that has 3 typesElixir
100%
3Resource that is minedGold
100%
15Bow WomenArcher
92%
11They also have the ——— CannonDouble
92%
12Rock troopGolem
92%
10Builder’s hall has the ——— MortarMulti
92%
8DefenseCannon
85%
7Air troopBalloon
77%
14Armored BehemothPekka
77%
4Special resourceGems
69%
9DefenseMortar
62%
13Low Health Crazy Axe WarriorBarbarian
31%
6Versions of resourcesBuilder’s
23%
5PlaceBuilder’s Hall
15%

Score Distribution

Percentile by Number Answered

Percent of People with Each Score

Your Score History

You have not taken this quiz